| 000 | 01314cam a2200397 a 4500 | ||
|---|---|---|---|
| 001 | 113443 | ||
| 005 | 20230410115433.0 | ||
| 008 | 100923s2010 enkb b 001 0 eng | ||
| 035 | _a16473075 | ||
| 925 | 0 |
_aacquire _b2 shelf copies _xpolicy default |
|
| 942 |
_2lcc _cbk |
||
| 010 | _a 2010281739 | ||
| 015 |
_aGBB027496 _2bnb |
||
| 016 | 7 |
_a015489059 _2Uk |
|
| 020 | _a9780199569687 (hbk.) | ||
| 020 | _a0199569681 (hbk.) | ||
| 035 | _a(OCoLC)ocn663432346 | ||
| 040 |
_aUKM _cUKM _dDLC |
||
| 042 |
_aukscp _alccopycat |
||
| 043 |
_aa-ii--- _aa-np--- |
||
| 050 | 1 | 4 |
_aHD 6189 _bA261g 2010 |
| 082 | 0 | 0 | _a333.75082 |
| 100 | 1 | _aAgarwal, Bina. | |
| 245 | 1 | 0 |
_aGender and green governance : _bthe political economy of women's presence within and beyond community forest / _cBina Agarwal. |
| 260 |
_aOxford ; _aNew York : _bOxford University Press, _c2010. |
||
| 300 |
_axxvi, 488 p. : _bmaps ; _c24 cm. |
||
| 504 | _aIncludes bibliography (p. [443]-470) and indexes. | ||
| 650 | 0 |
_aWomen employees _zIndia _xSocial conditions. |
|
| 650 | 0 |
_aWomen in forestry _zIndia. |
|
| 650 | 0 |
_aWomen in forestry _zNepal. |
|
| 650 | 0 |
_aCommunity forestry _zIndia. |
|
| 650 | 0 |
_aCommunity forestry _zNepal. |
|
| 650 | 0 |
_aForestry and community _zIndia. |
|
| 650 | 0 |
_aForestry and community _zNepal. |
|
| 946 | _aYSL | ||
| 999 |
_c41165 _d41165 |
||